LEADER 00917cam0-22003011i-450- 001 990005978380403321 005 19980601 035 $a000597838 035 $aFED01000597838 035 $a(Aleph)000597838FED01 035 $a000597838 100 $a19980601d1958----km-y0itay50------ba 101 0 $aita 102 $aIT 105 $ay-------001yy 200 1 $a<>Operazioni bancarie$econtratti bancari, credito fondiario e agrario, pagamenti e riscossioni bancari$fAdriano Fiorentino 210 $aNapoli$cCasa Editrice dott. Eugenio Jovene$d1958 215 $aXI, 294 p.$d24 cm 324 $aRistampa anastatica della 2. edizione 676 $a346.08$v20$zita 700 1$aFiorentino,$bAdriano$0111509 801 0$aIT$bUNINA$gRICA$2UNIMARC 901 $aBK 912 $a990005978380403321 952 $aVIII L 296$b71633$fFGBC 959 $aFGBC 996 $aOperazioni bancarie$9426889 997 $aUNINA LEADER 01787nam0 22003853i 450 001 VAN0244071 005 20221121120446.755 017 70$2N$a9783030429942 100 $a20220329d2020 |0itac50 ba 101 $aeng 102 $aCH 105 $a|||| ||||| 200 1 $aTheoretical Modeling of Inorganic Nanostructures$eSymmetry and ab-initio Calculations of Nanolayers, Nanotubes and Nanowires$fR. A. Evarestov 205 $a2. ed 210 $aCham$cSpringer$d2020 215 $aXVII, 857 p.$cill.$d24 cm 410 1$1001VAN0123346$12001 $aNanoScience and Technology$1210 $aBerlin$cSpringer$d1998- 620 $aCH$dCham$3VANL001889 676 $a541$cChimica fisica$v22 676 $a530$cFisica$v22 676 $a620.5$cNanotecnologia$v22 676 $a621.39$cMicroingegneria$v22 700 1$aEvarestov$bRobert A.$3VANV198733$01209121 712 $aSpringer $3VANV108073$4650 790 1$aEvarestov, Robert Aleksandrovich$zEvarestov, Robert A.$3VANV198734 790 1$aEvarestov, R. A.$zEvarestov, Robert A.$3VANV198735 790 1$aEvarestov, R.A.$zEvarestov, Robert A.$3VANV200847 801 $aIT$bSOL$c20240614$gRICA 856 4 $uhttps://rd.springer.com/book/10.1007/978-3-030-42994-2$zE-book - Accesso al full-text attraverso riconoscimento IP di Ateneo, proxy e/o Shibboleth 899 $aBIBLIOTECA DEL DIPARTIMENTO DI SCIENZE E TECNOLOGIE AMBIENTALI BIOLOGICHE E FARMACEUTICHE$1IT-CE0101$2VAN17 912 $fN 912 $aVAN0244071 950 $aBIBLIOTECA DEL DIPARTIMENTO DI SCIENZE E TECNOLOGIE AMBIENTALI BIOLOGICHE E FARMACEUTICHE$d17CONS e-book 2221 $e17BIB2221/141 141 20220329 996 $aTheoretical Modeling of Inorganic Nanostructures$92789818 997 $aUNICAMPANIA